[Event "San Francisco Stamer Memorial"]
[Site "San Francisco"]
[Date "2005.06.04"]
[Round "3"]
[White "Avestro, Menlo"]
[Black "Liang, Bernard"]
[Result "0-1"]
[WhiteElo "1534"]
[BlackElo "1795"]
[PlyCount "132"]
[EventDate "2005.06.04"]
[EventType "swiss"]
[EventRounds "6"]
[EventCountry "USA"]
[SourceTitle "EXT 2007"]
[Source "ChessBase"]
[SourceDate "2006.11.23"]
[SourceVersion "1"]
[SourceVersionDate "2006.11.23"]
[SourceQuality "1"]

1. e4 c5 2. Nf3 d6 3. c3 Nc6 4. Bb5 g6 5. d4 cxd4 6. cxd4 a6 7. Bc4 Bg7 8. 0-0 Bg4 9. Be3 e6 10. h3 Bxf3 11. gxf3 Nge7 12. Nc3 0-0 13. a3 Qa5 14. Qd2 Qh5 15. Kg2 Rac8 16. b4 Nxd4 17. Bxd4 Rxc4 18. Bxg7 Kxg7 19. Ne2 d5 20. Ng3 Qh6 21. Qd3 Rfc8 22. Rfe1 Rc3 23. Qd4+ Kg8 24. Qf6 R8c7 25. Rad1 Qg7 26. Qf4 h6 27. exd5 Nxd5 28. Rxd5 exd5 29. Rg1 R7c6 30. Kh2 Qf6 31. Qb8+ Kh7 32. Qxb7 Rxf3 33. Nh1 Rcc3 34. Qxd5 Rxh3+ 35. Kg2 Qf3+ 36. Qxf3 Rhxf3 37. a4 Ra3 38. Rc1 Rfb3 39. b5 axb5 40. axb5 Rxb5 41. Ng3 Re5 42. Rc7 Kg7 43. Rb7 Ra6 44. Nf1 Rae6 45. Ne3 Re7 46. Rb6 Rxe3 47. fxe3 Rxe3 48. Rb7 Kf6 49. Rb6+ Kf5 50. Kf2 Re5 51. Rb7 f6 52. Rh7 h5 53. Rg7 g5 54. Rg8 Kf4 55. Rg6 f5 56. Ra6 h4 57. Rh6 Kg4 58. Rh8 f4 59. Rg8 Re3 60. Rg7 h3 61. Rg8 Rg3 62. Rh8 Rg2+ 63. Kf1 Kg3 64. Rg8 g4 65. Rg7 f3 66. Rg8 h2 0-1